00321nam a2200121Ia 4500008004100000082001600041100001600057245007400073250000800147260002400155300000800179650001200187150201s2014 xx 000 0 und d a610.7bI14C aCLEMENT, I. aTB. ON INTRODUCTION TO NURSING EDUCATION FOR PB. BSC NURSING STUDENTS a1ST bJAYPEEaDELHIc2014 a315 aNURSING